Foundations of analysis (Record no. 314569)

MARC details
000 -LEADER
fixed length control field 00450nam a22001817a 4500
005 - DATE & TIME
control field 20240603120048.0
008 - FIXED-LENGTH DATA ELEMENTS--GENERAL INFORMATION
fixed length control field 240603b |||||||| |||| 00| 0 eng d
020 ## - ISBN
International Standard Book Number 9781470425791
Price Rs. 1670.00
040 ## - CATALOGING SOURCE
Original cataloging agency VIVEKANANDA LIBRARY
082 ## - DDC NUMBER
Classification number 515
Book Number T215F
100 ## - MAIN ENTRY--PERSONAL NAME
Personal name Taylor, Joseph L
245 ## - TITLE STATEMENT
Title Foundations of analysis
260 ## - PUBLICATION, DISTRIBUTION, ETC. (IMPRINT)
Place of publication, distribution, etc Hyderabad
Name of publisher, distributor, etc Universities Press
Date of publication, distribution, etc 2024
300 ## - PHYSICAL DESCRIPTION
Pages x, 398
650 ## - Subject
Subject Mathematics
650 ## - Subject
Subject Analysis
942 ## - ADDED ENTRY ELEMENTS (KOHA)
Koha item type Books
Holdings
Withdrawn status Lost status Source of classification or shelving scheme Damaged status Not for loan Location (home branch) Sublocation or collection (holding branch) Shelving location Date acquired Koha issues (times borrowed) Koha full call number Accession No. Koha date last seen Koha item type
    Dewey Decimal Classification     VIVEKANANDA LIBRARY VIVEKANANDA LIBRARY Maths Library 03/06/2024   515 T215F 314257 03/06/2024 Books
© Designed and Maintained by Vivekananda Library, MDU Rohtak